[Event "Foment Martinenc op-C 20th"]
[Site "Barcelona"]
[Date "2018.04.28"]
[Round "2"]
[White "Capdet Egea, Sergi"]
[Black "Castro Casal, Francisco Javier"]
[Result "1-0"]
[WhiteElo "1762"]
[BlackElo "1695"]
[PlyCount "75"]
[EventDate "2018.04.21"]
[EventType "swiss"]
[EventRounds "9"]
[EventCountry "ESP"]
[SourceTitle "CBM 184 Extra"]
[Source "ChessBase"]
[SourceDate "2018.06.28"]
[SourceVersion "1"]
[SourceVersionDate "2018.06.28"]
[SourceQuality "1"]

1. e4 e5 2. Nf3 Nc6 3. Bc4 Bc5 4. c3 Nf6 5. d4 exd4 6. cxd4 Bb4+ 7. Bd2 Bxd2+ 8. Nbxd2 d6 9. 0-0 0-0 10. Re1 Bg4 11. Qc2 Re8 12. Bb5 a6 13. Bxc6 bxc6 14. Qxc6 Bd7 15. Qc3 Bb5 16. a4 Bd7 17. b4 c6 18. Qd3 Qb6 19. Rab1 Qc7 20. a5 h6 21. Nc4 d5 22. exd5 cxd5 23. Nb6 Bb5 24. Nxa8 Rxa8 25. Qf5 Bd7 26. Qd3 Ne4 27. Ne5 Bf5 28. Qf3 Qc8 29. Rbc1 Qe6 30. Rc6 Nd6 31. Rxd6 Qxd6 32. Qxf5 Qxb4 33. Qxf7+ Kh7 34. Qg6+ Kg8 35. Rd1 Qxa5 36. h3 Qa4 37. Rd3 Rf8 38. Rg3 1-0

[Event "Foment Martinenc op-C 20th"]
[Site "Barcelona"]
[Date "2018.04.21"]
[Round "1"]
[White "Castro Casal, Francisco Javier"]
[Black "Ruiz Garcia, Eric"]
[Result "1-0"]
[WhiteElo "1695"]
[BlackElo "1487"]
[PlyCount "51"]
[EventDate "2018.04.21"]
[EventType "swiss"]
[EventRounds "9"]
[EventCountry "ESP"]
[SourceTitle "CBM 184 Extra"]
[Source "ChessBase"]
[SourceDate "2018.06.28"]
[SourceVersion "1"]
[SourceVersionDate "2018.06.28"]
[SourceQuality "1"]

1. e4 e5 2. Nf3 Nc6 3. Bb5 f6 4. 0-0 Bc5 5. c3 b6 6. d4 exd4 7. cxd4 Be7 8. Nc3 Bb7 9. Re1 d6 10. d5 Qd7 11. dxc6 Bxc6 12. Bxc6 Qxc6 13. Nd4 Qc5 14. Qa4+ Kf8 15. Ne6+ Kf7 16. Nxc5 dxc5 17. Bf4 Bd6 18. e5 fxe5 19. Bxe5 Ne7 20. Bxd6 cxd6 21. Qd7 Rhe8 22. Nd5 Rad8 23. Rxe7+ Kf8 24. Qf5+ Kg8 25. Qf7+ Kh8 26. Qxg7# 1-0

[Event "Foment Martinenc op-C 18th"]
[Site "Barcelona"]
[Date "2016.06.18"]
[Round "9"]
[White "Castro Casal, Francisco Javier"]
[Black "Montilla Rodriguez, Jose Luis"]
[Result "1/2-1/2"]
[WhiteElo "1722"]
[BlackElo "1736"]
[PlyCount "34"]
[EventDate "2016.04.23"]
[EventType "swiss"]
[EventRounds "9"]
[EventCountry "ESP"]
[SourceTitle "EXT 2017"]
[Source "ChessBase"]
[SourceDate "2016.10.25"]
[SourceVersion "1"]
[SourceVersionDate "2016.10.25"]
[SourceQuality "1"]

1. e4 e5 2. Nf3 Nc6 3. Bb5 a6 4. Ba4 b5 5. Bb3 Nd4 6. Nxd4 exd4 7. 0-0 Bb7 8. Re1 c5 9. d3 Be7 10. Qh5 g6 11. Qe2 d5 12. exd5 Bxd5 13. Bg5 Bxb3 14. axb3 h6 15. Bxe7 Nxe7 16. Qe5 Rg8 17. Qxc5 Rc8 1/2-1/2

[Event "Foment Martinenc op-C 18th"]
[Site "Barcelona"]
[Date "2016.06.04"]
[Round "7"]
[White "Castro Casal, Francisco Javier"]
[Black "Llopart Domingo, Jordi"]
[Result "1-0"]
[WhiteElo "1722"]
[BlackElo "1668"]
[PlyCount "151"]
[EventDate "2016.04.23"]
[EventType "swiss"]
[EventRounds "9"]
[EventCountry "ESP"]
[SourceTitle "EXT 2017"]
[Source "ChessBase"]
[SourceDate "2016.10.25"]
[SourceVersion "1"]
[SourceVersionDate "2016.10.25"]
[SourceQuality "1"]

1. e4 c6 2. Nc3 d5 3. d4 dxe4 4. Nxe4 Bf5 5. Ng3 Bg6 6. Nf3 Nd7 7. Nh4 Ngf6 8. Nxg6 hxg6 9. Bd2 Qb6 10. Bc3 0-0-0 11. Qd2 Re8 12. 0-0-0 Qc7 13. h3 e6 14. Kb1 Nd5 15. Be2 f5 16. Bf3 N7f6 17. Ne2 Bd6 18. Qg5 Nxc3+ 19. Nxc3 Rh6 20. Qe3 f4 21. Qd3 g5 22. Ne4 Nxe4 23. Bxe4 Qb6 24. Bf3 e5 25. Bg4+ Kb8 26. Rhe1 Rhh8 27. dxe5 Bxe5 28. b3 Rd8 29. Qe2 Bf6 30. Qf3 Qa5 31. Rxd8+ Rxd8 32. Rd1 Kc7 33. a4 Qc3 34. Qxc3 Rxd1+ 35. Bxd1 Bxc3 36. g3 fxg3 37. fxg3 a5 38. Bf3 c5 39. Kc1 Be1 40. g4 b6 41. Kd1 Bc3 42. Be4 Kd6 43. Bd3 Ke5 44. Ke2 Kf4 45. Bf5 Kg3 46. Kd3 Bd4 47. Kc4 Kxh3 48. Kb5 c4 49. Kxc4 Bc5 50. c3 Kg3 51. b4 axb4 52. cxb4 Bf2 53. Kb5 Kf4 54. a5 bxa5 55. bxa5 Ke5 56. Kc6 Be3 57. a6 Ba7 58. Kb7 Bd4 59. a7 Bxa7 60. Kxa7 Kd6 61. Kb7 Ke7 62. Kc6 Kf6 63. Kd6 Kf7 64. Ke5 Ke7 65. Bg6 Kd7 66. Kf5 Ke7 67. Kxg5 Ke6 68. Be8 Ke7 69. Bh5 Kf8 70. Kf5 Ke7 71. Bg6 Kd7 72. Bf7 Ke7 73. Kg6 Kf8 74. g5 Ke7 75. Kxg7 Kd6 76. Bb3 1-0

[Event "Foment Martinenc op-C 18th"]
[Site "Barcelona"]
[Date "2016.05.07"]
[Round "3"]
[White "Espejo Arnau, Sergi"]
[Black "Castro Casal, Francisco Javier"]
[Result "1-0"]
[WhiteElo "1834"]
[BlackElo "1722"]
[PlyCount "49"]
[EventDate "2016.04.23"]
[EventType "swiss"]
[EventRounds "9"]
[EventCountry "ESP"]
[SourceTitle "EXT 2017"]
[Source "ChessBase"]
[SourceDate "2016.10.25"]
[SourceVersion "1"]
[SourceVersionDate "2016.10.25"]
[SourceQuality "1"]

1. d4 Nf6 2. c4 g6 3. Nc3 Bg7 4. Nf3 d6 5. e3 0-0 6. Be2 Nc6 7. 0-0 e5 8. dxe5 dxe5 9. e4 Qxd1 10. Rxd1 a6 11. Bg5 Be6 12. Rd2 Nd7 13. Rad1 Nb6 14. b3 f6 15. Be3 Rfd8 16. Nd5 Rd7 17. c5 Nc8 18. Nxf6+ Bxf6 19. Rxd7 Bxd7 20. Rxd7 Bd8 21. Bc4+ Kf8 22. Rxh7 N8e7 23. Bh6+ Ke8 24. Be6 Ng8 25. Bd7# 1-0

[Event "Foment Martinenc op-C 17th"]
[Site "Barcelona"]
[Date "2015.05.16"]
[Round "4"]
[White "Castro Casal, Francisco Javier"]
[Black "Bernat Mor, Juli"]
[Result "0-1"]
[WhiteElo "1722"]
[BlackElo "1697"]
[PlyCount "142"]
[EventDate "2015.04.25"]
[EventType "swiss"]
[EventRounds "9"]
[EventCountry "ESP"]
[SourceTitle "EXT 2017"]
[Source "ChessBase"]
[SourceDate "2016.10.25"]
[SourceVersion "1"]
[SourceVersionDate "2016.10.25"]
[SourceQuality "1"]

1. e4 c6 2. d4 d5 3. exd5 cxd5 4. Nf3 Nc6 5. Bb5 a6 6. Ba4 b5 7. Bb3 Bg4 8. c3 e6 9. 0-0 Bd6 10. Qd3 Qf6 11. Bg5 Qg6 12. Qxg6 hxg6 13. Nbd2 f6 14. Bh4 Bxf3 15. Nxf3 f5 16. Rfe1 Kd7 17. Re2 Re8 18. Rae1 Nd8 19. Bxd5 Nf6 20. Bb3 Ne4 21. Bg3 Nxg3 22. hxg3 Rh5 23. Ne5+ Kc7 24. Nxg6 Rh6 25. Nf4 Reh8 26. f3 g5 27. Nxe6+ Nxe6 28. Rxe6 Bxg3 29. Rxh6 Rxh6 30. Re7+ Kd6 31. Re5 Bxe5 32. dxe5+ Kxe5 33. Kf2 f4 34. Bc2 Rd6 35. Ke1 Rd7 36. Be4 Rc7 37. Bc2 b4 38. Kd2 bxc3+ 39. bxc3 a5 40. Bb3 Ra7 41. Kd3 a4 42. Bg8 a3 43. c4 Rd7+ 44. Kc3 Kd6 45. Kb4 Rb7+ 46. Kxa3 Kc5 47. Ka4 Rb4+ 48. Ka3 Rb1 49. Bd5 Rg1 50. Kb3 Rxg2 51. a4 Rg3 52. a5 Rg1 53. a6 Ra1 54. Bb7 Ra5 55. Kb2 Kxc4 56. Kc2 Kd4 57. Kb3 Ke3 58. Kb4 Ra1 59. Kb5 g4 60. fxg4 f3 61. Bxf3 Kxf3 62. g5 Rb1+ 63. Kc6 Rc1+ 64. Kb7 Rb1+ 65. Ka8 Re1 66. Kb7 Re7+ 67. Kb8 Re8+ 68. Kc7 Re7+ 69. Kd6 Ra7 70. g6 Rxa6+ 71. Ke5 Rxg6 0-1

[Event "Foment Martinenc op-C 17th"]
[Site "Barcelona"]
[Date "2015.05.02"]
[Round "2"]
[White "Castro Casal, Francisco Javier"]
[Black "Dominguez Laguna, Didac"]
[Result "1-0"]
[WhiteElo "1722"]
[BlackElo "1647"]
[PlyCount "53"]
[EventDate "2015.04.25"]
[EventType "swiss"]
[EventRounds "9"]
[EventCountry "ESP"]
[SourceTitle "EXT 2017"]
[Source "ChessBase"]
[SourceDate "2016.10.25"]
[SourceVersion "1"]
[SourceVersionDate "2016.10.25"]
[SourceQuality "1"]

1. e4 c6 2. d4 d5 3. e5 Bf5 4. Nf3 e6 5. Be2 c5 6. c3 c4 7. 0-0 Nc6 8. Be3 f6 9. Bf4 fxe5 10. Nxe5 Nxe5 11. Bxe5 Bd6 12. f4 Nf6 13. Nd2 0-0 14. Nf3 Ne4 15. Nd2 Nxd2 16. Qxd2 Bxe5 17. fxe5 Rc8 18. Qe3 Qb6 19. Rab1 Bxb1 20. Rxb1 Qa6 21. Ra1 Qb6 22. Rb1 Qd8 23. Bg4 Qh4 24. Bxe6+ Kh8 25. Bxc8 Rxc8 26. Rf1 Rc6 27. Rf8# 1-0

[Event "Foment Martinenc op-C 16th"]
[Site "Barcelona"]
[Date "2014.06.21"]
[Round "9"]
[White "Castro Casal, Francisco Javier"]
[Black "Lopez Galiano, Sergio"]
[Result "0-1"]
[WhiteElo "1700"]
[BlackElo "1736"]
[PlyCount "112"]
[EventDate "2014.04.26"]
[EventType "swiss"]
[EventRounds "9"]
[EventCountry "ESP"]
[SourceTitle "EXT 2015"]
[Source "ChessBase"]
[SourceDate "2014.11.20"]
[SourceVersion "1"]
[SourceVersionDate "2014.11.20"]
[SourceQuality "1"]

1. e4 e5 2. Nf3 Nc6 3. Bb5 d6 4. 0-0 Bg4 5. Re1 Nge7 6. c3 g6 7. d4 a6 8. Bxc6+ Nxc6 9. d5 Ne7 10. Nbd2 Bg7 11. Nf1 0-0 12. Ng3 f5 13. exf5 Nxf5 14. Nxf5 Rxf5 15. Qd3 Qf6 16. Nd2 Rh5 17. Qg3 Rf8 18. Ne4 Qf5 19. f3 Bxf3 20. Qxf3 Qxf3 21. gxf3 Rxf3 22. Ng3 Rh4 23. Rf1 Rd3 24. Bg5 Rc4 25. Rad1 Rxd1 26. Rxd1 h6 27. Be3 Ra4 28. a3 b6 29. Bc1 Rc4 30. Nf1 Kh7 31. Ne3 Re4 32. Rf1 Kg8 33. b3 h5 34. Nc2 a5 35. Bg5 Rg4+ 36. Kh1 Rxg5 37. a4 e4 38. Nd4 Rxd5 39. Ne6 c5 40. Kg2 Rd3 41. Rc1 Bxc3 42. Rf1 Bg7 43. Nf4 Rxb3 44. Nxg6 e3 45. Ne7+ Kh7 46. Rf5 Kh6 47. Ng8+ Kh7 48. Ne7 Rb2+ 49. Kf3 e2 50. Rxh5+ Bh6 51. Nf5 Kg6 52. Kg4 Rb4+ 53. Kf3 e1Q 54. Rh3 Qe4+ 55. Kg3 Qf4+ 56. Kg2 Rb2+ 0-1

[Event "Foment Martinenc op-C 16th"]
[Site "Barcelona"]
[Date "2014.05.10"]
[Round "3"]
[White "Vila Pamies, Lluc"]
[Black "Castro Casal, Francisco Javier"]
[Result "0-1"]
[WhiteElo "1742"]
[BlackElo "1700"]
[PlyCount "82"]
[EventDate "2014.04.26"]
[EventType "swiss"]
[EventRounds "9"]
[EventCountry "ESP"]
[SourceTitle "EXT 2015"]
[Source "ChessBase"]
[SourceDate "2014.11.20"]
[SourceVersion "1"]
[SourceVersionDate "2014.11.20"]
[SourceQuality "1"]

1. e4 e5 2. Nf3 Nc6 3. Bc4 Bc5 4. d3 d6 5. Ng5 Nh6 6. Nc3 Qf6 7. 0-0 Ne7 8. Bd2 Be6 9. Bxe6 fxe6 10. Nb5 Bb6 11. Be3 Rc8 12. Bxb6 axb6 13. c4 Nc6 14. Nf3 0-0 15. d4 exd4 16. Nbxd4 Nxd4 17. Nxd4 c5 18. Nb5 Qxb2 19. Qxd6 Rc6 20. Rab1 Qxa2 21. Qd3 Ng4 22. f3 Ne5 23. Qc3 Nxc4 24. Na3 Qxa3 25. Qxc4 Qe3+ 26. Kh1 h6 27. Rbd1 Qg5 28. Rd7 Rf7 29. Rfd1 Rxd7 30. Rxd7 Qf6 31. h3 Kh7 32. Qd3 c4 33. e5+ Qg6 34. Qc3 b5 35. Rxb7 Qd3 36. Qb4 c3 37. Qe7 Qg6 38. Rb8 h5 39. Qf8 Kh6 40. h4 Qf5 41. Rb7 Qxf8 0-1

[Event "Foment Martinenc op-C 16th"]
[Site "Barcelona"]
[Date "2014.04.26"]
[Round "1"]
[White "Malatesta Guerrero, Eloy"]
[Black "Castro Casal, Francisco Javier"]
[Result "1-0"]
[WhiteElo "1775"]
[BlackElo "1700"]
[PlyCount "131"]
[EventDate "2014.04.26"]
[EventType "swiss"]
[EventRounds "9"]
[EventCountry "ESP"]
[SourceTitle "EXT 2015"]
[Source "ChessBase"]
[SourceDate "2014.11.20"]
[SourceVersion "1"]
[SourceVersionDate "2014.11.20"]
[SourceQuality "1"]

1. e4 e5 2. Nf3 Nc6 3. Bc4 d6 4. Nc3 g6 5. 0-0 Bg7 6. h3 Nf6 7. d4 exd4 8. Nxd4 Nxd4 9. Qxd4 0-0 10. Re1 Nd7 11. Qe3 Ne5 12. Bb3 Re8 13. f4 Nc6 14. Qg3 Bd7 15. Nd5 Nd4 16. c3 Nxb3 17. axb3 c6 18. Nb4 Qc7 19. Nd3 a6 20. e5 Bf5 21. exd6 Qxd6 22. Rxe8+ Rxe8 23. Ne5 Rd8 24. Be3 Qd5 25. b4 Qb3 26. Qf2 Qe6 27. Bd4 f6 28. Nf3 h5 29. Re1 Qd7 30. Qe2 Qc7 31. Qe7 Qxe7 32. Rxe7 b5 33. Ra7 Bc8 34. Nd2 Bh6 35. g3 f5 36. Nb3 g5 37. fxg5 Bxg5 38. Rg7+ Kf8 39. Rxg5 h4 40. gxh4 f4 41. Kg2 Rd7 42. Rf5+ Rf7 43. Rxf7+ Kxf7 44. Kf3 Be6 45. Nc5 Bxh3 46. Nxa6 Kg6 47. Kxf4 Bg2 48. Kg4 Bd5 49. h5+ Kh7 50. Kg5 Be6 51. Nb8 Bd5 52. h6 Bg2 53. Bg7 Bd5 54. Kf6 Bf3 55. Ke7 Bg4 56. Nxc6 Bd7 57. Kxd7 Kg8 58. Na7 Kh7 59. Nxb5 Kg8 60. c4 Kf7 61. c5 Kg8 62. c6 Kf7 63. c7 Kg8 64. c8Q+ Kh7 65. Qh8+ Kg6 66. h7 1-0

[Event "Foment Martinenc op-B 15th"]
[Site "Barcelona"]
[Date "2013.06.15"]
[Round "9"]
[White "Catala Ulied, Guillem"]
[Black "Castro Casal, Francisco Javier"]
[Result "1-0"]
[WhiteElo "1347"]
[BlackElo "1700"]
[PlyCount "49"]
[EventDate "2013.04.20"]
[EventType "swiss"]
[EventRounds "9"]
[EventCountry "ESP"]
[SourceTitle "CBM 154 Extra"]
[Source "ChessBase"]
[SourceDate "2013.06.25"]
[SourceVersion "2"]
[SourceVersionDate "2013.06.25"]
[SourceQuality "1"]

1. e4 e6 2. d3 d5 3. Nd2 Nf6 4. Qe2 e5 5. Ngf3 Bd6 6. exd5 Qe7 7. c4 Nbd7 8. g3 0-0 9. Bg2 c6 10. dxc6 bxc6 11. Nh4 Bb7 12. Nf5 Qe6 13. Bh3 c5 14. Nh6+ gxh6 15. Bxe6 Bxh1 16. Bxd7 Nxd7 17. Qg4+ Kh8 18. Qxd7 Bb8 19. Nb3 a6 20. Nxc5 Ba7 21. Nxa6 Bd4 22. Bxh6 Ra7 23. Qd6 Re8 24. Qf6+ Kg8 25. Qg7# 1-0

[Event "Foment Martinenc op-B 15th"]
[Site "Barcelona"]
[Date "2013.05.18"]
[Round "5"]
[White "Romero, Freddy"]
[Black "Castro Casal, Francisco Javier"]
[Result "0-1"]
[WhiteElo "1248"]
[BlackElo "1700"]
[PlyCount "48"]
[EventDate "2013.04.20"]
[EventType "swiss"]
[EventRounds "9"]
[EventCountry "ESP"]
[SourceTitle "CBM 154 Extra"]
[Source "ChessBase"]
[SourceDate "2013.06.25"]
[SourceVersion "2"]
[SourceVersionDate "2013.06.25"]
[SourceQuality "1"]

1. d4 e6 2. Nf3 Nf6 3. e3 c5 4. c3 Be7 5. Bd3 b6 6. 0-0 0-0 7. Nbd2 Bb7 8. e4 d6 9. Bc2 Nbd7 10. e5 dxe5 11. dxe5 Nd5 12. Re1 Nf4 13. Ne4 Ng6 14. Nd6 Bc6 15. Be4 Ndxe5 16. Nxe5 Nxe5 17. Bxh7+ Kxh7 18. Qh5+ Kg8 19. Rxe5 Bf6 20. Re3 g6 21. Qh6 Bg5 22. Qh3 Bxe3 23. Qxe3 Qxd6 24. Qh6 Qd1# 0-1

[Event "Foment Martinenc op-B 15th"]
[Site "Barcelona"]
[Date "2013.05.11"]
[Round "4"]
[White "Castro Casal, Francisco Javier"]
[Black "Pascual Duran, Pau"]
[Result "0-1"]
[WhiteElo "1700"]
[BlackElo "1473"]
[PlyCount "58"]
[EventDate "2013.04.20"]
[EventType "swiss"]
[EventRounds "9"]
[EventCountry "ESP"]
[SourceTitle "CBM 154 Extra"]
[Source "ChessBase"]
[SourceDate "2013.06.25"]
[SourceVersion "2"]
[SourceVersionDate "2013.06.25"]
[SourceQuality "1"]

1. e4 e5 2. Nf3 Nc6 3. Bc4 Be7 4. Nc3 Nf6 5. d4 d6 6. dxe5 Nxe5 7. 0-0 0-0 8. Qe2 Bg4 9. h3 Nxf3+ 10. Kh1 Ne5 11. hxg4 Nfxg4 12. f3 Nh6 13. Bxh6 gxh6 14. g3 Kh8 15. Kg1 Rg8 16. Kf2 Rxg3 17. Ke1 Bh4 18. Kd1 Qf6 19. Nd5 Qg6 20. Nf4 Qg5 21. Nd3 Nxc4 22. f4 Qb5 23. b3 Ne3+ 24. Kc1 Nxf1 25. Qxf1 Rag8 26. Kb2 Qb6 27. Qe2 Qd4+ 28. c3 Qxd3 29. Qh2 Rg2+ 0-1

[Event "Foment Martinenc op-B 15th"]
[Site "Barcelona"]
[Date "2013.04.20"]
[Round "1"]
[White "Gonzalez Muelas, Marco Antonio"]
[Black "Castro Casal, Francisco Javier"]
[Result "1-0"]
[WhiteElo "1720"]
[BlackElo "1700"]
[PlyCount "81"]
[EventDate "2013.04.20"]
[EventType "swiss"]
[EventRounds "9"]
[EventCountry "ESP"]
[SourceTitle "CBM 154 Extra"]
[Source "ChessBase"]
[SourceDate "2013.06.25"]
[SourceVersion "2"]
[SourceVersionDate "2013.06.25"]
[SourceQuality "1"]

1. d4 d5 2. c4 c6 3. Nc3 Nf6 4. Nf3 Be6 5. Bg5 g6 6. e3 Bg7 7. cxd5 Nxd5 8. Bd3 Qd6 9. 0-0 0-0 10. Nxd5 cxd5 11. Rc1 Nc6 12. a3 Bd7 13. b4 a6 14. Bf4 e5 15. dxe5 Qe7 16. Bb1 Bg4 17. h3 Bxf3 18. Qxf3 d4 19. Rfd1 dxe3 20. Qxe3 Nxe5 21. Re1 Rfe8 22. Qb3 Qd7 23. Rcd1 Qc6 24. Ba2 Qf6 25. Bxe5 Rxe5 26. Rxe5 Qxe5 27. Qxf7+ Kh8 28. Qxb7 Rf8 29. Qd5 Qe2 30. Qd2 Qe5 31. Bc4 h6 32. Bxa6 Qf6 33. b5 Qb6 34. Qe3 Qa5 35. Rd7 Kh7 36. Qe7 Rg8 37. Bb7 Qc3 38. Bd5 Qc1+ 39. Kh2 Qf4+ 40. g3 Qxf2+ 41. Bg2 1-0